Ammar b. Yassir (Record no. 24107)

MARC details
000 -LEADER
fixed length control field 00662nam a2200241 i 4500
001 - CONTROL NUMBER
control field C2-0102845
003 - CONTROL NUMBER IDENTIFIER
control field PPAK
005 - DATE AND TIME OF LATEST TRANSACTION
control field 20180727100350.0
008 - FIXED-LENGTH DATA ELEMENTS--GENERAL INFORMATION
fixed length control field 970603s1994 my a|||| ||||| | may d
020 ## - INTERNATIONAL STANDARD BOOK NUMBER
International Standard Book Number 9839792288
040 ## - CATALOGING SOURCE
Original cataloging agency PPAK
Language of cataloging eng
Transcribing agency PPAK
Description conventions rda
082 04 - DEWEY DECIMAL CLASSIFICATION NUMBER
Classification number 297.61
Edition number 23
090 00 - LOCALLY ASSIGNED LC-TYPE CALL NUMBER (OCLC); LOCAL CALL NUMBER (RLIN)
Classification number (OCLC) (R) ; Classification number, CALL (RLIN) (NR) 297.61
Feature heading AMM
Feature heading K
245 00 - TITLE STATEMENT
Title Ammar b. Yassir
264 #1 - PRODUCTION, PUBLICATION, DISTRIBUTION, MANUFACTURE, AND COPYRIGHT NOTICE
Place of production, publication, distribution, manufacture Subang Jaya, Selangor :
Name of producer, publisher, distributor, manufacturer Al - Kautsar ,
Date of production, publication, distribution, manufacture, or copyright notice 1994
300 ## - PHYSICAL DESCRIPTION
Extent 24 pages :
Other physical details illustrations ;
Dimensions 22 cm
336 ## - CONTENT TYPE
Source rdacontent
Content type term text
337 ## - MEDIA TYPE
Source rdamedia
Media type term unmediated
338 ## - CARRIER TYPE
Source rdacarrier
Carrier type term volume
650 10 - SUBJECT ADDED ENTRY--TOPICAL TERM
Topical term or geographic name entry element Islamic leaders ; Islamic history
700 0# - ADDED ENTRY--PERSONAL NAME
Personal name Afid Aufa,
Relator term compile
942 ## - ADDED ENTRY ELEMENTS (KOHA)
-- dc
Koha item type Book
Holdings
Withdrawn Not for loan Current library Shelving location Date acquired Full call number Barcode Date last seen Koha item type Total Checkouts Total Renewals Date last checked out
    Perpustakaan Awam Sungai Petani Pinjaman Kanak-kanak 13/11/2003 K 297.61 AMM A00400625 25/09/2018 Book 1 2 15/08/2018
    Perpustakaan Jitra Pinjaman Kanak-kanak 08/11/2003 K 297.61 AMM A00825775 08/05/2018 Book      
    Bergerak 3, Baling Pinjaman Kanak-kanak 18/10/1997 K 297.61 AMM A00064664 08/05/2018 Book      
    Bergerak 4, Sungai Petani Pinjaman Kanak-kanak 18/10/1997 K 297.61 AMM A00064666 08/05/2018 Book      
    PD13, KEDA Lahar Tunjung, Pendang Pinjaman Kanak-kanak 25/03/1998 K 297.61 AMM A00130152 08/05/2018 Book      
    PD13, KEDA Lahar Tunjung, Pendang Pinjaman Kanak-kanak 25/03/1998 K 297.61 AMM A00130153 08/05/2018 Book      
    PD14, Felda Sungai Tiang, Pendang Pinjaman Kanak-kanak 25/03/1998 K 297.61 AMM A00130369 08/05/2018 Book